[Event "22nd OIBM 2018"]
[Site "Gmund am Tegernsee"]
[Date "2018.10.30"]
[Round "4"]
[White "Caspi, Israel"]
[Black "Renner, Kai"]
[Result "1/2-1/2"]
[WhiteElo "2471"]
[BlackElo "2159"]
[Annotator "TA"]
[PlyCount "205"]
[EventDate "2018.10.27"]
[EventType "swiss"]
[EventCountry "GER"]
[SourceTitle "playchess.com"]
[Source "ChessBase"]
[SourceQuality "1"]

{[%evp 33,205,80,55,58,66,74,93,97,90,16,29,0,0,0,0,0,0,-6,0,-18,-18,-18,-19,-48,-29,-42,-46,-37,3,-150,-64,-64,-64,-85,-86,-83,-83,-83,-64,-64,-64,-64,-64,-64,-41,-64,-60,-64,-60,-64,-60,-64,-60,-60,-60,-64,-60,-64,-30,-30,-30,-30,-30,-30,-30,-41,-41,-41,-36,-41,0,-36,-36,-46,-36,-52,0,0,0,0,0,0,0,0,0,0,0,0,0,0,0,0,0,0,0,0,0,0,0,0,0,0,0,0,0,0,0,0,0,0,0,0,0,0,0,0,0,0,0,0,0,0,0,0,0,0,0,0,0,0,0,0,0,0,0,0,0,0,0,0,0,0,0,0,0,0,0,0,0,0,0,0,0,0,0,0,0,0,0,0,0,0,0,0,0,0,0,0,0,0,0,0,0,0]} 1. e4 c5 2. Nf3 e6 3. d4 cxd4 4. Nxd4 a6 5. Nc3 Qc7 6. Bd3 Nf6 7. O-O d6 8. Kh1 Nbd7 9. f4 b5 10. Qe2 Bb7 11. Bd2 Be7 12. b4 O-O 13. a4 {B82: Sicilian Scheveningen: 6 f4} bxa4 14. Rxa4 (14. Nxa4 d5 15. e5 Ne4 16. Be1 Nb6 17. Nb2 Rfd8 18. Qe3 Rac8 19. c4 Nd2 20. Bxd2 dxc4 {0-1 (39) Degraeve,J (2592)-Van Wely,L (2663) Chartres 2017}) 14... Nb6 15. Raa1 d5 16. e5 Ne4 17. Nxe4 dxe4 {LiveBook: 5 Games} 18. Bxe4 Bxe4 19. Qxe4 Qc4 20. c3 Nd5 {[%cal Bb6d5,Bd5b4,Bb4c2][%mdl 32]} 21. Rfc1 $146 ({White should try} 21. Rf3 $16) 21... Rfd8 $11 {[%cal Rd5b4]} 22. f5 exf5 23. Qxf5 Nxb4 $1 24. Rf1 Nc2 25. Nxc2 {[#] Black must now prevent Nd4.} ({Don't play} 25. Qxc2 Rxd4 26. Qb2 Rd3 $15) 25... Rxd2 26. Ne3 {[%cal Bc2e3,Be3f5,Bf5d4][%mdl 32]} Qe6 27. Qe4 Rad8 28. Qf4 h6 29. Nf5 {Hoping for Nd4.} Bg5 $36 {[%mdl 2048] Black has the initiative.} 30. Qe4 R2d5 31. Rfe1 $2 {[#]} (31. Nd4 $11 Qg6 32. Qxg6 fxg6 33. Ne6 (33. Rxa6 Rxe5 34. Rxg6 Rc8 $11)) 31... Re8 ({Better is} 31... Bd2 $1 $17 {[%cal Rd2e1]} 32. c4 Rc5) 32. Nd4 $15 Qxe5 33. Qxe5 Rdxe5 (33... Rexe5 {keeps more tension.} 34. Rxe5 Rxe5 35. Nf3 Rd5 36. Nxg5 hxg5 37. c4 Re5) 34. Rxe5 Rxe5 {[%mdl 4096] Endgame KRB-KRN} 35. Nf3 Rc5 36. Nxg5 hxg5 37. Rxa6 Rxc3 {[%cal Rc3c1] KR-KR} 38. h3 f6 39. Kh2 Kh7 40. Ra5 Kg6 41. Rb5 Re3 42. Ra5 Kf7 43. Ra7+ Re7 44. Ra5 Rd7 45. Ra4 Ke6 46. h4 gxh4 47. Rxh4 g5 48. Ra4 Ke5 49. Kg3 f5 50. Kf2 Rd4 51. Ra5+ Ke4 52. Ra2 (52. g4 $5) 52... Kf4 53. Rb2 Rc4 54. Ra2 g4 (54... Kg4 $15) 55. g3+ $11 {The position is equal.} Ke4 56. Re2+ Kd4 57. Rd2+ Ke5 58. Re2+ Kd5 59. Rd2+ Rd4 (59... Ke4 {seems wilder.} 60. Re2+) 60. Re2 (60. Ra2 {is interesting.} Rb4 61. Rd2+ Ke6 62. Re2+ Kf6 63. Rc2) 60... Rd3 61. Ra2 Ke5 62. Re2+ Kd4 63. Ra2 Rf3+ 64. Kg2 Rc3 65. Rf2 (65. Ra1 {feels hotter.} Rc2+ 66. Kg1 f4 67. Ra4+ Rc4 68. Rxc4+ Kxc4 69. gxf4 Kd5 70. Kg2) 65... Rc5 66. Re2 Kd3 67. Re8 $1 Rc2+ 68. Kf1 Kd4 69. Re7 Rc5 70. Kf2 Rc2+ 71. Kf1 Rc3 72. Kf2 Rf3+ 73. Kg2 Re3 74. Rd7+ Ke4 {Threatens to win with ...Re2+.} 75. Re7+ Kd3 76. Rd7+ Ke2 77. Rd5 Rf3 78. Re5+ Kd3 79. Ra5 Kc4 80. Re5 Kd4 81. Ra5 Ke4 82. Ra4+ Ke5 83. Ra5+ Kf6 84. Ra6+ Kg5 85. Re6 Rd3 86. Ra6 Rd2+ 87. Kg1 Re2 88. Rb6 Re5 89. Kf2 Ra5 90. Rc6 Ra2+ 91. Kf1 Rh2 92. Kg1 Rh6 (92... Rh5 {is more complex.} 93. Rc5 Kf6 94. Ra5 Kg5 95. Kg2 Kh6) 93. Rc4 Rd6 94. Rc5 Kf6 95. Kf2 Rd2+ 96. Kf1 Ke6 97. Ra5 Rd5 98. Ra8 Ke5 99. Re8+ Kd4 100. Kf2 Rc5 101. Rd8+ Ke4 102. Re8+ Re5 103. Ra8 {Precision: White = 71%, Black = 60%.} 1/2-1/2

[Event "22nd OIBM 2018"]
[Site "Gmund am Tegernsee"]
[Date "2018.10.30"]
[Round "4"]
[White "Perske, Thore"]
[Black "Demchenko, Anton"]
[Result "0-1"]
[WhiteElo "2454"]
[BlackElo "2679"]
[Annotator "TA"]
[PlyCount "110"]
[EventDate "2018.10.27"]
[EventType "swiss"]
[EventCountry "GER"]
[SourceTitle "playchess.com"]
[Source "ChessBase"]
[SourceQuality "1"]

{[%evp 35,110,29,40,24,17,31,16,3,19,9,23,10,30,11,18,18,18,11,47,11,8,0,0,0,0,0,0,0,0,0,-6,0,0,0,0,0,0,0,0,0,0,0,0,0,0,0,0,0,0,0,0,0,-8,-22,-22,-22,0,-8,-8,-14,0,-22,-22,-22,-22,-36,-36,-178,-178,-178,0,0,0,-178,-178,-29980,-29981]} 1. e4 c5 2. Nf3 Nc6 3. d4 cxd4 4. Nxd4 Nf6 5. Nc3 d6 6. Bg5 e6 7. Qd2 a6 8. O-O-O Be7 9. f4 Bd7 10. Nf3 b5 11. Bxf6 gxf6 12. Kb1 Qb6 13. f5 O-O-O 14. g3 Kb8 15. fxe6 fxe6 16. Bh3 Bc8 {B69: Sicilian: Richter-Rauzer: 7...a6 8 0-0-0 Bd7 9 f4 Be7 10 Nf3 b5 11 Bxf6} 17. Qe1 Rhe8 18. Rf1 Bf8 {[%cal Be7f8,Bf8h6,Bh6g5][%mdl 32] [#] LiveBook: 9 Games. White has an edge.} 19. Qf2 $146 ({Predecessor:} 19. Ne2 Bg7 20. Nf4 Qc5 21. a3 f5 22. exf5 exf5 {1-0 (48) Karjakin,S (2723)-Ivanchuk,V (2739) Moscow 2009}) 19... Qxf2 20. Rxf2 Bh6 21. Nh4 {[%cal Bf3h4,Bh4g2,Bg2f4][%mdl 32]} Bg5 22. Ng2 Ne5 23. Nf4 h5 24. a3 Ng4 25. Bxg4 hxg4 26. h4 $1 {[%cal Rh4g5]} Bh6 (26... gxh3 $5 27. Nxh3 Bh6 $11) 27. Nh5 f5 28. exf5 exf5 29. Re2 Re6 30. Rde1 Rde8 31. Rxe6 $1 Rxe6 32. Rxe6 Bxe6 $11 {[%mdl 4096] Endgame KBB-KNN} 33. Nf4 Bf7 (33... Bc4 {looks sharper.} 34. Nce2 Kc7 35. b3 Bf7 36. Kb2 Bg7+) 34. Nce2 Bc4 35. b3 Bxe2 36. Nxe2 {KB-KN} Kc8 37. c3 Kd7 38. Kc2 Ke6 39. Kd3 Ke5 40. h5 d5 41. a4 bxa4 42. bxa4 Bg5 43. Nd4 f4 44. Nc6+ Kf5 45. Nd4+ Ke5 46. Nc6+ Kd6 47. gxf4 Bxf4 48. Nb4 a5 49. Nc2 Ke5 50. Ne3 {[#] Threatens to win with h6.} g3 {[%cal Bg4g3,Bg3g2][%mdl 32]} 51. Ke2 (51. Ng4+ $1 $15 Kf5 52. Ne3+ Kg5 53. Ng2) 51... Ke4 $19 52. Ng4 Kf5 53. Ne3+ Ke4 54. Ng4 $1 {[#]} g2 $1 {[%cal Rg2g1]} 55. Kf2 $2 (55. Nf2+ $19 Kf5 56. Nh3) 55... Kf5 {Precision: White = 44%, Black = 73%.} 0-1

[Event "22nd OIBM 2018"]
[Site "Gmund am Tegernsee"]
[Date "2018.10.30"]
[Round "4"]
[White "Bellia, Fabrizio"]
[Black "Chanda, Sandipan"]
[Result "0-1"]
[WhiteElo "2448"]
[BlackElo "2535"]
[Annotator "TA"]
[PlyCount "124"]
[EventDate "2018.10.27"]
[EventType "swiss"]
[EventCountry "GER"]
[SourceTitle "playchess.com"]
[Source "ChessBase"]
[SourceQuality "1"]

{[%evp 22,124,43,25,38,20,75,66,72,10,8,6,4,7,61,56,72,72,78,68,73,73,67,70,68,0,0,0,0,0,0,0,0,0,0,0,0,0,0,0,0,0,0,0,0,0,0,0,0,0,0,0,0,0,0,0,0,0,0,0,0,0,0,0,0,0,0,0,164,0,0,0,0,0,0,0,0,-114,-204,-204,-227,-56,-64,-550,-533,-535,-515,-512,-509,-506,-485,-468,-464,-442,-296,-6228,-6203,-6203,-6203,-6195,-6091,-6091,-5591,-5489,-5306]} 1. e4 c5 2. Nf3 d6 3. d4 cxd4 4. Nxd4 Nf6 5. Nc3 a6 6. h3 e6 7. g4 Nfd7 {B81: Sicilian Scheveningen: Keres Attack} (7... h6 8. Bg2 g5 9. Be3 Nbd7 10. Qe2 Ne5 11. O-O-O Nfd7 12. h4 Rg8 13. hxg5 hxg5 14. Kb1 b5 15. f4 gxf4 16. Bxf4 Bb7 {½-½ (56) Karjakin,S (2773)-Mamedyarov,S (2801) Saint Louis 2018}) 8. Be3 Be7 9. g5 b5 10. a3 Bb7 11. h4 Nc6 12. Qd2 {LiveBook: 42 Games} O-O 13. O-O-O Nc5 (13... Rc8 $11) 14. f3 $1 $16 Rb8 15. Rg1 {[#]} ({White should play} 15. Nxc6 $16 Bxc6 16. b4) 15... b4 $146 16. Nxc6 Bxc6 17. axb4 Rxb4 (17... Qb6 $11 18. Ne2 a5) 18. Nd5 $1 $14 {[%cal Rd5e7]} Ra4 {[%cal Ra4a1]} 19. Nxe7+ Qxe7 {[%cal Ra4a1]} 20. b3 Ra1+ 21. Kb2 Rxd1 22. Qxd1 Rb8 23. Bxc5 (23. Qd2 $14) 23... dxc5 $11 24. Bc4 Bb5 25. Qd3 Rd8 26. Qc3 Qc7 27. Ra1 g6 28. Bxb5 axb5 {[%mdl 4096] Endgame KQR-KQR} 29. b4 Qb8 30. Qxc5 {Hoping for Ra5.} Rc8 $1 {[%cal Rc8c5]} 31. Qe3 Qe5+ 32. c3 Qh2+ 33. Kb3 $1 Qxh4 34. Ra5 Rd8 35. Rxb5 Qh1 36. Qe2 Qb1+ 37. Kc4 Qa1 {Strongly threatening ...Rc8+.} 38. Kb3 ({Not} 38. Ra5 $2 Rc8+ 39. Kb5 Qxc3 $19) 38... Qb1+ 39. Kc4 Qc1 40. Rc5 Rd2 41. Qe3 {Rc8+ is the strong threat.} Qf1+ 42. Kb3 Qd1+ 43. Kc4 {aiming for Rc8+.} Rd8 {next ...Qf1+ is good for Black.} 44. Rc7 Qf1+ $2 {[#]} (44... Qd6 $11 {and Black has nothing to worry.} 45. Ra7 Qd1) 45. Kb3 $2 (45. Kc5 $1 $18) 45... Qb1+ 46. Kc4 Qa2+ 47. Kc5 $1 {Black should prevent Qf4.} e5 $1 48. b5 Qa3+ 49. Kc4 {[#]} (49. Kc6 $11 {keeps the balance.}) 49... Rd4+ $1 $17 {[%mdl 512]} 50. cxd4 Qxe3 $19 {KQ-KR} 51. b6 Kg7 $1 (51... Qxd4+ $2 52. Kb5 $19) 52. Kb5 $2 {[%mdl 8192]} (52. Rd7 $15) 52... Qb3+ 53. Kc6 Qa4+ 54. Kc5 exd4 55. b7 Qb3 56. Kc6 {intending Rc8.} d3 {[%cal Bd4d3,Bd3d2][%mdl 32]} 57. Rd7 {[#]} d2 $1 58. Kc7 $2 (58. Rd5) (58. Rxd2 Qc3+) 58... Qc4+ {Black is clearly winning.} 59. Kd8 Qb5 60. Rxd2 Qxb7 61. Rd5 Qb8+ 62. Ke7 Qf4 {Precision: White = 61%, Black = 82%.} 0-1

[Event "22nd OIBM 2018"]
[Site "Gmund am Tegernsee"]
[Date "2018.10.30"]
[Round "4"]
[White "Carow, Johannes"]
[Black "Martinovic, Sasa"]
[Result "1/2-1/2"]
[WhiteElo "2439"]
[BlackElo "2555"]
[Annotator "TA"]
[PlyCount "48"]
[EventDate "2018.10.27"]
[EventType "swiss"]
[EventCountry "GER"]
[SourceTitle "playchess.com"]
[Source "ChessBase"]
[SourceQuality "1"]

{[%evp 9,48,12,21,18,9,1,8,-2,17,17,17,18,53,10,25,8,22,24,21,0,0,0,0,0,0,0,0,0,0,0,0,0,0,0,0,0,0,0,0,0,4]} 1. c4 e6 2. Nc3 Bb4 3. Qb3 Ba5 (3... c5 4. Nb5 Nc6 5. Nd6+ Kf8 6. Nf3 Qe7 7. Nxc8 Rxc8 8. e3 e5 9. Qc2 e4 10. Ng1 Nf6 11. Ne2 Ba5 {½-½ (31) Svidler,P (2768)-Carlsen,M (2834) Wijk aan Zee 2018}) 4. g3 Nf6 5. Bg2 O-O $146 ({Predecessor:} 5... Nc6 6. Nf3 d5 7. cxd5 exd5 8. d4 h6 9. O-O O-O 10. Rd1 Re8 11. e3 Bxc3 12. bxc3 {0-1 (69) Vranesic,Z (2315)-Rozentalis,E (2600) Toronto 1995}) 6. e3 {A13: English Opening: 1...e6} c6 7. Nf3 {[%cal Bg1f3,Bf3d2,Bd2b3][%mdl 32]} d6 8. d4 Ne4 9. O-O Nxc3 10. bxc3 c5 11. Nd2 Qc7 12. Rb1 {[%cal Rg2b7]} Bb6 13. Qc2 Nc6 14. Nb3 {The position is equal.} Rb8 15. f4 Na5 16. Qe2 cxd4 17. Nxa5 Bxa5 18. cxd4 b6 19. Ba3 Ba6 20. Rfc1 {[%cal Bf1c1,Bc1c4,Bc4d4][%mdl 32]} Rfc8 21. d5 Bxc4 {[#]} 22. Bxd6 $1 {[%mdl 512]} Qxd6 23. Rxc4 exd5 24. Rd4 Rc3 {Precision: White = 72%, Black = 70%.} 1/2-1/2

[Event "22nd OIBM 2018"]
[Site "Gmund am Tegernsee"]
[Date "2018.10.30"]
[Round "4"]
[White "Pezerovic, Edin"]
[Black "Iturrizaga Bonelli, Eduardo"]
[Result "1/2-1/2"]
[WhiteElo "2420"]
[BlackElo "2636"]
[Annotator "TA"]
[PlyCount "34"]
[EventDate "2018.10.27"]
[EventType "swiss"]
[EventCountry "GER"]
[SourceTitle "playchess.com"]
[Source "ChessBase"]
[SourceQuality "1"]

{[%evp 24,34,37,29,25,0,18,0,27,16,39,39,41]} 1. d4 Nf6 2. Bf4 g6 3. e3 Bg7 4. Nf3 O-O 5. Be2 b6 6. h3 Bb7 7. O-O d6 8. c3 Nbd7 {A48: 1 d4 Nf6 2 Nf3 g6: Torre, London and Colle Systems} 9. Qb3 (9. Bh2 Qe8 10. a4 a6 11. Nbd2 e5 12. b4 Qe7 13. Qb3 a5 14. b5 Kh8 15. Rac1 Rae8 16. Ne1 {1-0 (46) Eljanov,P (2700)-Firouzja,A (2572) Sharjah 2018}) 9... c5 10. Rd1 a6 11. a4 Ra7 12. Nbd2 Qa8 13. Bh2 {LiveBook: 19 Games} Bc6 14. Ne1 Re8 $146 ({Predecessor:} 14... Bd5 15. Qa3 Rb8 16. Bf1 Bc6 17. Nd3 Rc8 18. a5 b5 19. Rac1 {1-0 (71) Kuznecov,M (2378)-Seliverstov,V (2455) Moscow 2016}) 15. Bf3 d5 16. Be2 c4 17. Qa2 b5 1/2-1/2

[Event "22nd OIBM 2018"]
[Site "Gmund am Tegernsee"]
[Date "2018.10.30"]
[Round "4"]
[White "Braun, Michael"]
[Black "Maier, Alexander"]
[Result "1-0"]
[WhiteElo "2365"]
[BlackElo "2275"]
[Annotator "TA"]
[PlyCount "63"]
[EventDate "2018.10.27"]
[EventType "swiss"]
[EventCountry "GER"]
[SourceTitle "playchess.com"]
[Source "ChessBase"]
[SourceQuality "1"]

{[%evp 9,63,-43,5,-44,-4,-75,-47,-45,-49,-84,-73,-101,-97,-151,-133,-237,-232,-333,-319,-324,-316,-348,-210,-201,-175,-203,-172,-180,-162,-397,-393,-453,-400,-404,-386,-390,-367,-403,-384,-457,-441,-514,-503,-562,-545,-639,-639,-706,-682,-785,-527,-749,-602,-513,-314,-862]} 1. d4 d5 2. Bf4 Nf6 3. e3 Bd7 (3... e6 4. Nf3 Bd6 5. Bg3 O-O 6. Nbd2 b6 7. c3 Ba6 8. Bxa6 Nxa6 9. Ne5 Nb8 10. f4 c5 11. Bh4 Be7 12. O-O Nfd7 13. Bxe7 Qxe7 14. Rf3 Nxe5 15. fxe5 {1-0 (29) Aronian,L (2767)-Giri,A (2782) chess.com INT 2018}) 4. f3 $146 ({Predecessor:} 4. c3 Ne4 5. Nf3 Nc6 6. Nbd2 Nf6 7. h3 Nh5 8. Bh2 Nf6 9. Bd3 e6 10. Qc2 Be7 11. O-O {1-0 (36) Nielsen,G (1570)-Monteils,G (1374) London 2017}) 4... e6 {[%cal Be7e6,Be6e5][%mdl 32]} 5. g4 Bd6 6. Bd3 {D00: 1 d4 d5: Unusual lines} Nc6 {White should prevent ...Bxf4.} 7. c3 (7. Bxd6 $1 $11 {remains equal.} cxd6 8. Nc3) 7... Qe7 {White must now prevent ...e5.} 8. Bxd6 {Black is slightly better.} cxd6 9. Ne2 e5 {aiming for ...e4.} 10. Ng3 O-O-O $36 {[%mdl 2048] Black has strong initiative.} 11. Bf5 ({White should play} 11. Qe2) 11... h5 {Strongly threatening ...exd4.} 12. O-O (12. g5 $17 {keeps fighting.} Ne8 13. Bxd7+ Rxd7 14. Kf2) 12... hxg4 $19 13. fxg4 (13. Bxd7+ $142 Qxd7 14. Nd2) 13... exd4 14. exd4 Qe3+ 15. Kg2 Qh6 16. Bxd7+ Nxd7 17. Rh1 Qh3+ 18. Kg1 Nf6 19. g5 $2 {[#]} (19. Nd2) 19... Ne4 20. Qf3 Ne7 21. Qg2 Nxg5 22. Qxh3+ Nxh3+ ({Less strong is} 22... Rxh3 23. Nd2 $19) 23. Kg2 f5 {[%cal Bf7f5,Bf5f4,Bf4f3][%mdl 32]} 24. Re1 Kd7 25. Na3 f4 26. Nc2 g5 {[%cal Bg7g5,Bg5g4][%mdl 32]} 27. Rad1 g4 28. Rd2 Ng5 29. Nb4 Rh7 30. Rf2 f3+ 31. Kh1 Ne4 32. Rc2 $2 {[%mdl 32768] Precision: White = 22%, Black = 73%. . Loss on Time!?} (32. Nxe4 dxe4 33. Rxe4) 1-0

[Event "22nd OIBM 2018"]
[Site "Gmund am Tegernsee"]
[Date "2018.10.30"]
[Round "4"]
[White "Forchert, Martin"]
[Black "Babar, Michael"]
[Result "1-0"]
[WhiteElo "2363"]
[BlackElo "2157"]
[Annotator "NA"]
[PlyCount "57"]
[EventDate "2018.10.27"]
[EventType "swiss"]
[EventCountry "GER"]
[SourceTitle "playchess.com"]
[Source "ChessBase"]
[SourceQuality "1"]
[TimeControl "40/5400+30:1800+30"]

1. e4 {[%emt 0:00:00]} g6 {[%emt 0:00:00]} 2. d4 {[%emt 0:00:00]} d6 {[%emt 0:00:38]} 3. Nc3 {[%emt 0:00:00]} Bg7 {[%emt 0:00:36]} 4. Be3 {[%emt 0:00:10]} a6 {[%emt 0:01:16]} 5. a4 {[%emt 0:04:16]} Nd7 {[%emt 0:06:07]} 6. Nge2 {[%emt 0:03:42] B06: Moderne Verteidigung} (6. Be2 b6 7. h4 h6 8. Bf3 Bb7 9. Nge2 e6 10. Qd2 Ne7 11. g3 Nf5 12. h5 g5 13. Bg2 O-O {0-1 (39) Meijers,V (2502)-Vitiugov,N (2709) Germany 2011}) 6... Ngf6 {[%emt 0:03:12]} 7. h3 {[%emt 0:00:07]} O-O {[%emt 0:00:50]} 8. g4 {[%emt 0:00:43]} e5 $146 {[%emt 0:02:47]} ({Vorgänger:} 8... b6 9. Bg2 Bb7 10. O-O Rb8 11. Qd2 c5 12. d5 Ne8 13. Bg5 Nc7 14. f4 {0-1 (38) Mikkelsen,N (2246)-Berg,K (2420) Skanderborg 2005}) 9. Bg2 {[%emt 0:00:25]} b6 {[%emt 0:15:10]} 10. d5 {[%emt 0:11:56]} (10. g5 $5 {[%cal Rg5f6]}) 10... Rb8 {[%emt 0:02:04]} 11. Qd2 {[%emt 0:07:50]} b5 {[%emt 0:08:18]} 12. a5 {[%emt 0:04:55]} b4 {[%emt 0:05:21]} 13. Na4 {[%emt 0:14:16]} Rb5 {[%emt 0:04:21]} 14. O-O {[%emt 0:04:05]} h5 {[%emt 0:04:33]} 15. g5 {[%emt 0:00:09]} Nh7 {[%emt 0:03:51]} 16. c4 {[%emt 0:01:26]} Rb8 {[%emt 0:16:37]} 17. c5 {[%emt 0:10:37]} f5 {[%emt 0:00:16]} 18. gxf6 {[%emt 0:00:19]} Ndxf6 {[%emt 0:00:17]} 19. cxd6 {[%emt 0:00:36]} cxd6 {[%emt 0:00:12]} 20. Nb6 {[%emt 0:00:23]} Bxh3 {[%emt 0:02:11]} 21. Bxh3 {[%emt 0:01:36]} Nxe4 {[%emt 0:00:02]} 22. Qxb4 {[%emt 0:02:28]} Qh4 {[%emt 0:00:29]} 23. Be6+ {[%emt 0:01:18]} Kh8 {[%emt 0:00:01]} 24. Ng3 {[%emt 0:00:28]} Rf3 {[%emt 0:01:35]} 25. Nxe4 {[%emt 0:01:19]} Rxe3 {[%emt 0:00:51]} 26. fxe3 {[%emt 0:01:45]} Ng5 {[%emt 0:00:47]} 27. Qe1 {[%emt 0:03:46]} Qxe4 {[%emt 0:00:48]} 28. Qg3 {[%emt 0:00:35]} Bh6 {[%emt 0:00:30]} 29. Ra4 $18 {[%emt 0:03:20]} 1-0

[Event "22nd OIBM 2018"]
[Site "Gmund am Tegernsee"]
[Date "2018.10.30"]
[Round "4"]
[White "Bernabeu Lopez, Carlos Javier"]
[Black "Krueger, Rainer"]
[Result "1-0"]
[WhiteElo "2353"]
[BlackElo "2152"]
[Annotator "NA"]
[PlyCount "133"]
[EventDate "2018.10.27"]
[EventType "swiss"]
[EventCountry "GER"]
[SourceTitle "playchess.com"]
[Source "ChessBase"]
[SourceQuality "1"]
[TimeControl "40/5400+30:1800+30"]

1. e4 {[%emt 0:00:00]} c5 {[%emt 0:00:00]} 2. Nf3 {[%emt 0:00:00]} d6 {[%emt 0:00:00]} 3. d4 {[%emt 0:00:00]} cxd4 {[%emt 0:00:00]} 4. Nxd4 {[%emt 0:00:00]} Nf6 {[%emt 0:00:00]} 5. Nc3 {[%emt 0:00:00]} g6 {[%emt 0:00:05]} 6. g3 {[%emt 0:00:06]} Nc6 {[%emt 0:00:14]} 7. Bg2 {[%emt 0:00:20]} Nxd4 {[%emt 0:00:20]} 8. Qxd4 {[%emt 0:00:05]} Bg7 {[%emt 0:00:08]} 9. O-O {[%emt 0:00:36]} O-O {[%emt 0:00:08]} 10. Qd3 {[%emt 0:00:37]} Rb8 {[%emt 0:14:20] B70: Sicilian Dragon: 6 g3 and 6 Be2 (without a later Be3)} (10... Be6 11. Nd5 Rc8 12. c3 a6 13. Re1 Nd7 14. a4 Ne5 15. Qd1 Re8 16. h3 Nc4 17. Kh2 Bd7 18. Re2 b5 19. axb5 Bxb5 {½-½ (74) Karjakin,S (2781)-Topalov,V (2749) Paris 2017}) 11. Re1 {[%emt 0:02:47]} b5 $146 {[%emt 0:06:37]} ({Predecessor:} 11... b6 12. Nd5 Bb7 13. Bg5 e6 14. Nxf6+ Bxf6 15. Bxf6 Qxf6 16. c3 Rfd8 17. Rad1 Qe5 18. h4 {1-0 (38) Lin,C (2485)-Migot,T (2379) Vandoeuvre 2018}) 12. a3 {[%emt 0:03:07]} a6 {[%emt 0:06:39]} 13. Nd5 {[%emt 0:03:02]} Nxd5 {[%emt 0:05:13]} 14. exd5 {[%emt 0:00:05]} Bf5 {[%emt 0:00:10]} 15. Qe2 {[%emt 0:00:07]} Qc8 {[%emt 0:07:17]} 16. c3 {[%emt 0:01:44]} Re8 {[%emt 0:02:34]} 17. Bg5 {[%emt 0:01:09]} h6 {[%emt 0:04:43]} 18. Bf4 {[%emt 0:00:27]} a5 {[%emt 0:05:36]} 19. Qd2 {[%emt 0:00:06]} Kh7 {[%emt 0:00:59]} 20. Be4 {[%emt 0:01:29]} Bxe4 {[%emt 0:08:36]} 21. Rxe4 {[%emt 0:00:04]} Rb7 {[%emt 0:11:41]} (21... g5 $11) 22. Bxh6 {[%emt 0:01:12]} Bf6 {[%emt 0:02:28]} ({Stronger than} 22... Bxh6 23. Rh4 Kg7 24. Qxh6+ Kf6 25. Rf4+ Ke5 26. Rd1 Qc4 27. Rxc4 Kf6 28. Rf4+ Ke5 29. Rxf7 Rg8 30. Qf4#) 23. Bg5 {[%emt 0:00:18]} Qf5 {[%emt 0:01:42]} 24. Rh4+ $1 {[%emt 0:00:17]} Kg8 {[%emt 0:00:46]} 25. Bxf6 {[%emt 0:00:05]} Qxf6 {[%emt 0:00:24]} 26. Re1 {[%emt 0:02:07]} Rc8 {[%emt 0:03:39]} 27. Ree4 {[%emt 0:03:38]} Rc5 {[%emt 0:00:21]} 28. Rh6 {[%emt 0:03:48]} Rc4 {[%emt 0:06:03]} 29. Reh4 {[%emt 0:00:38]} Rxh4 {[%emt 0:00:42]} 30. Rxh4 {[%emt 0:00:05]} ({Worse is} 30. gxh4 Qe5 $15) 30... Rc7 {[%emt 0:01:18]} 31. Qe2 {[%emt 0:04:39]} Rc5 {[%emt 0:00:34]} 32. Rf4 {[%emt 0:00:18]} Qe5 {[%emt 0:02:19]} 33. Re4 {[%emt 0:00:03]} Qxd5 {[%emt 0:00:50]} 34. Rxe7 {[%emt 0:00:07]} Qf5 {[%emt 0:02:20]} 35. Re8+ {[%emt 0:02:19]} Kh7 {[%emt 0:04:40]} 36. Qe7 {[%emt 0:01:21]} Qf3 {[%emt 0:01:28]} 37. Qh4+ {[%emt 0:00:47]} Rh5 {[%emt 0:00:08]} 38. Qd4 {[%emt 0:00:04]} Re5 {[%emt 0:03:00]} 39. Rxe5 {[%emt 0:00:06]} dxe5 {[%emt 0:00:06]} 40. Qxe5 {[%emt 0:00:03]} Qd1+ {[%emt 0:00:41]} 41. Kg2 {[%emt 0:30:06]} Qb3 {[%emt 0:30:08]} 42. Qe2 {[%emt 0:02:13]} Qd5+ {[%emt 0:00:00]} 43. Kg1 {[%emt 0:00:00]} Qb3 {[%emt 0:00:00]} 44. h4 {[%emt 0:00:00]} Kg8 {[%emt 0:00:00]} 45. Kh2 {[%emt 0:00:00]} Kf8 {[%emt 0:00:00]} 46. Qd2 {[%emt 0:00:00]} Kg7 {[%emt 0:00:00]} 47. c4 {[%emt 0:00:00]} b4 {[%emt 0:00:00]} 48. axb4 {[%emt 0:00:00]} axb4 {[%emt 0:00:00]} 49. Qd4+ {[%emt 0:00:00]} Kg8 {[%emt 0:00:00]} 50. c5 {[%emt 0:00:00]} Qf3 {[%emt 0:00:00]} 51. Qe3 {[%emt 0:00:00]} Qd5 {[%emt 0:00:00]} 52. Qe8+ {[%emt 0:00:00]} Kh7 {[%emt 0:00:00]} 53. c6 {[%emt 0:00:00]} Qf3 {[%emt 0:00:00]} 54. Qe1 {[%emt 0:00:00]} Qxc6 {[%emt 0:00:00]} 55. Qxb4 {[%emt 0:00:00]} Qd5 {[%emt 0:00:00]} 56. Qf4 {[%emt 0:00:00]} Qb3 {[%emt 0:00:00]} 57. Qd4 {[%emt 0:00:00]} Kg8 {[%emt 0:00:00]} 58. Qc3 {[%emt 0:00:00]} Qa2 {[%emt 0:00:00]} 59. Qa3 {[%emt 0:00:00]} Qb1 {[%emt 0:00:00]} 60. b4 {[%emt 0:00:00]} Qf5 {[%emt 0:00:00]} 61. Qe3 {[%emt 0:00:00]} Qb1 {[%emt 0:00:00]} 62. Qc5 {[%emt 0:00:00]} Qe4 {[%emt 0:00:00]} 63. b5 $18 {[%emt 0:00:00]} Qf3 {[%emt 0:00:00]} 64. Kg1 {[%emt 0:00:00]} Kh7 {[%emt 0:01:32]} 65. Qc6 {[%emt 0:00:00]} Qd1+ {[%emt 0:00:54]} 66. Kg2 {[%emt 0:00:00]} g5 {[%emt 0:00:29]} 67. hxg5 {[%emt 0:00:00]} 1-0